|
|
|
|
| LEADER |
01506nam a2200325 a 4500 |
| 001 |
29011 |
| 003 |
BD-DhAAL |
| 005 |
20181209112442.0 |
| 008 |
250320s1989 njua b 001 0 eng |
| 999 |
|
|
|c 34120
|d 34120
|
| 010 |
|
|
|a 88019954
|
| 020 |
|
|
|a 0691055483 (alk. paper)
|
| 040 |
|
|
|a DLC
|c DLC
|d DLC
|d BD-DhAAL
|
| 043 |
|
|
|a a-ii---
|
| 050 |
0 |
0 |
|a HD8039.J82
|b I483 1989
|
| 082 |
0 |
0 |
|a 331.7671395414
|2 19
|
| 100 |
1 |
|
|a Chakrabarty, Dipesh.
|9 6359
|
| 245 |
1 |
0 |
|a Rethinking working-class history :
|b Bengal, 1890-1940 /
|c Dipesh Chakrabarty.
|
| 260 |
|
|
|a Princeton :
|b Princeton University Press,
|c c1989.
|
| 300 |
|
|
|a xix, 245 pages :
|b illustrations ;
|c 25 cm.
|
| 500 |
|
|
|a Includes index.
|
| 504 |
|
|
|a Bibliography: p. 233-242.
|
| 541 |
|
|
|e 29011
|
| 650 |
|
0 |
|a Jute industry workers
|z India
|z Kolkata
|x History
|y 19th century.
|9 9971
|
| 650 |
|
0 |
|a Jute industry workers
|z India
|z Kolkata
|x History
|y 20th century.
|9 9972
|
| 856 |
4 |
2 |
|3 Publisher description
|u http://www.loc.gov/catdir/description/prin031/88019954.html
|
| 856 |
4 |
1 |
|3 Table of contents
|u http://www.loc.gov/catdir/toc/prin031/88019954.html
|
| 942 |
|
|
|2 ddc
|c BK
|
| 952 |
|
|
|0 0
|1 0
|2 ddc
|4 0
|6 331_767139541400000_CHA
|7 0
|9 53246
|a BRACUL
|b BRACUL
|c GEN
|d 2015-03-20
|e Trim Education
|g 3275.00
|l 0
|o 331.7671395414 CHA
|p 3010029011
|r 2015-03-20
|t 1
|w 2015-03-20
|y BK
|
| 952 |
|
|
|0 0
|1 0
|2 ddc
|4 0
|6 331_767139541400000_CHA
|7 0
|9 53247
|a BRACUL
|b BRACUL
|c GEN
|d 2015-03-20
|e Trim Education
|g 3275.00
|l 1
|m 1
|o 331.7671395414 CHA
|p 3010029012
|r 2016-02-14
|s 2016-02-01
|t 2
|w 2015-03-20
|y BK
|